000 01180nam0a22002651 4500
001 rc\1012479
005 20041129102251.5
035 _a(NLR Aleph) 006177860
090 _a6033778
_c6033778
100 _a20041129d1981 u |0rusy50 ca
101 0 _arus
102 _aRU
105 _ay |||||||||
200 1 _aИзотопы уранового и ториевого рядов в фосфорсодержащих удобрениях, пахотных почвах и сельскохозяйственных растениях
_fВ.Ф. Дричко, Э.П. Лисаченко, Т.М. Поникарова и др.
210 _a[М.]
_cБ. и.
_d[1981]
215 _a11 с.
_d26
225 1 _aГосударственный комитет по использованию атомной энергии СССР, Национальная комиссия по радиационной защите при Минздраве СССР
_v80-22
300 _aБез тит. л. и обл.
320 _aБиблиогр.: с. 11
701 1 _aДричко
_bВ. Ф.
801 0 _aRU
_bNLR
_gpsbo
801 1 _aRU
_bELAR
_2rusmarc
852 _aNLR
_j82-7/24
942 _cBOOK
980 _aNB